Same First Letter-Largest City to State - Statistics

General Stats
  • This quiz has been taken 71 times
  • The average score is 8 of 10
Answer Stats
Answer % Correct
New York
91%
Indiana
89%
Hawaii
85%
Pennsylvania
83%
Alaska
78%
Oklahoma
78%
Minnesota
76%
New Jersey
69%
Virginia
67%
South Dakota
61%
No matching quizzes found
Score Distribution
Percent of People with Each Score
Percentile by Number Answered
Your Score History
You have not taken this quiz